Statistics for NFL 2023 Wide Receivers (Starting 3 For Every Team)

Click here to take the quiz!

General Stats

  • This quiz has been taken 1,111 times
    (759 since last reset)
  • The average score is 60 of 96

Answer Stats

TeamWRs% Correct
Detroit LionsAmon-Ra St. Brown
97%
Philadelphia EaglesA.J. Brown
96%
Dallas CowboysCeeDee Lamb
95%
Houston TexansNoah Brown
94%
Las Vegas RaidersDavante Adams
93%
Buffalo BillsStefon Diggs
92%
Miami DolphinsTyreek Hill
91%
Cincinnati BengalsJa'Marr Chase
90%
Minnesota VikingsJustin Jefferson
90%
Los Angeles RamsCooper Kupp
89%
San Francisco 49ersDeebo Samuel
89%
Philadelphia EaglesDeVonta Smith
89%
Los Angeles ChargersKeenan Allen
88%
Seattle SeahawksDK Metcalf
87%
Atlanta FalconsVan Jefferson
87%
Chicago BearsDJ Moore
86%
New York JetsGarrett Wilson
86%
Miami DolphinsJaylen Waddle
86%
Tampa Bay BuccaneersMike Evans
86%
San Francisco 49ersBrandon Aiyuk
85%
Miami DolphinsCedrick Wilson Jr.
84%
Cleveland BrownsElijah Moore
84%
Arizona CardinalsMichael Wilson
84%
Tennessee TitansChris Moore
83%
Washington CommandersCurtis Samuel
83%
Arizona CardinalsRondale Moore
83%
Cleveland BrownsAmari Cooper
82%
Pittsburgh SteelersGeorge Pickens
82%
Los Angeles RamsPuka Nacua
82%
Cincinnati BengalsTee Higgins
82%
Baltimore RavensZay Flowers
81%
Seattle SeahawksTyler Lockett
80%
Baltimore RavensOdell Beckham Jr.
79%
Tennessee TitansDeAndre Hopkins
78%
Buffalo BillsGabe Davis
78%
Carolina PanthersAdam Thielen
77%
New Orleans SaintsChris Olave
77%
Pittsburgh SteelersDiontae Johnson
77%
Indianapolis ColtsMichael Pittman Jr.
77%
Denver BroncosCourtland Sutton
76%
Detroit LionsJameson Williams
76%
Tampa Bay BuccaneersChris Godwin
75%
Denver BroncosJerry Jeudy
75%
Atlanta FalconsDrake London
73%
Houston TexansNico Collins
73%
Jacksonville JaguarsCalvin Ridley
71%
Green Bay PackersChristian Watson
71%
Philadelphia EaglesJulio Jones
71%
Washington CommandersTerry McLaurin
71%
Cincinnati BengalsTyler Boyd
71%
Jacksonville JaguarsZay Jones
71%
Dallas CowboysBrandin Cooks
70%
Kansas City ChiefsJustin Watson
70%
Kansas City ChiefsRashee Rice
68%
Minnesota VikingsJordan Addison
67%
Dallas CowboysMichael Gallup
67%
Kansas City ChiefsKadarius Toney
66%
Jacksonville JaguarsChristian Kirk
64%
Las Vegas RaidersJakobi Meyers
59%
Chicago BearsDarnell Mooney
57%
Seattle SeahawksJaxon Smith-Njigba
57%
Green Bay PackersRomeo Doubs
56%
Green Bay PackersJayden Reed
55%
Baltimore RavensRashod Bateman
52%
San Francisco 49ersJauan Jennings
50%
Minnesota VikingsK.J. Osborn
48%
Pittsburgh SteelersAllen Robinson II
47%
Los Angeles RamsDemarcus Robinson
47%
New York GiantsWan'Dale Robinson
47%
Detroit LionsJosh Reynolds
46%
New York GiantsDarius Slayton
45%
Los Angeles ChargersJoshua Palmer
45%
Tampa Bay BuccaneersTrey Palmer
45%
Washington CommandersJahan Dotson
44%
Los Angeles ChargersQuentin Johnston
41%
Carolina PanthersDJ Chark
39%
Indianapolis ColtsJosh Downs
39%
Buffalo BillsKhalil Shakir
39%
New England PatriotsDeVante Parker
37%
Houston TexansRobert Woods
37%
Tennessee TitansTreylon Burks
37%
New Orleans SaintsRashid Shaheed
36%
Indianapolis ColtsAlec Pierce
32%
Denver BroncosMarvin Mims Jr.
31%
New England PatriotsDeMario Douglas
25%
New York GiantsJalin Hyatt
25%
Arizona CardinalsGreg Dortch
17%
New York JetsXavier Gipson
13%
Las Vegas RaidersTre Tucker
12%
Chicago BearsTyler Scott
11%
New Orleans SaintsA.T Perry
9%
New England PatriotsTyquan Thornton
9%
Cleveland BrownsCedric Tillman
8%
New York JetsJason Brownlee
8%
Atlanta FalconsKhaDarel Hodge
6%
Carolina PanthersIhmir Smith-Marsette
4%

Score Distribution

Percentile by Number Answered

Percent of People with Each Score

Your Score History

You have not taken this quiz since the last reset